| 000 | 00659nam a22002177a 4500 | ||
|---|---|---|---|
| 003 | OSt | ||
| 005 | 20260116004500.0 | ||
| 008 | 260115b |||||||| |||| 00| 0 eng d | ||
| 020 | _a 0-07-240492-2. | ||
| 040 |
_aDWCL-Admin lib _cOC |
||
| 082 | _aCirc. 652.55369 H971m 2000 | ||
| 100 | _aCoulthard, Glen J. | ||
| 245 |
_aMicrosoft word 2000 : _bintroductory edition / _cGlen J. Coulthard |
||
| 260 |
_a Boston : _bIrwin/McGraw-Hill, _cc2000. |
||
| 300 |
_a xv, 431 p. ; _c28 cm. |
||
| 504 | _aInludes index. | ||
| 650 | _a1. Microsoft Word. | ||
| 650 | _a2. Word Processing. | ||
| 700 | _aHutchinson, Sarah E. | ||
| 942 |
_2ddc _cBK-CIRC _hCirc. _n0 |
||
| 999 |
_c7454 _d7454 |
||